Balance laboral
Uloženo v:
| Médium: | Text |
|---|---|
| Tagy: |
Přidat tag
Žádné tagy, Buďte první, kdo vytvoří štítek k tomuto záznamu!
|
MARC
| LEADER | 00000 a a2200000 04500 | ||
|---|---|---|---|
| 001 | 5816 | ||
| 003 | |||
| 040 | |||
| 245 | |a Balance laboral | ||
| 773 | |g volumen 14, número 593; páginas 22-27 | ||
| 999 | |c 35836 |d 35836 | ||
